000 01376nam a2200337Ia 4500
001 ebr10255849
003 CaPaEBR
006 m u
007 cr cn|||||||||
008 010626s2001 si a sb 000 0 eng d
010 _z 2001026980
020 _z9789810246112
020 _z9810246110
040 _aCaPaEBR
_cCaPaEBR
035 _a(OCoLC)646768825
050 1 4 _aQC5.58
_b.N69 2001eb
100 1 _aNoyes, H. Pierre.
245 1 0 _aBit-string physics
_h[electronic resource] :
_ba finite and discrete approach to natural philosophy /
_cH. Pierre Noyes ; edited by J.C. van den Berg.
260 _aSingapore ;
_aRiver Edge, N.J. :
_bWorld Scientific,
_c2001.
300 _a577 p. :
_bill.
490 1 _aK & E series on knots and everything ;
_v27
504 _aIncludes bibliographical references.
533 _aElectronic reproduction.
_bPalo Alto, Calif. :
_cebrary,
_d2009.
_nAvailable via World Wide Web.
_nAccess may be limited to ebrary affiliated libraries.
650 0 _aPhysics
_xPhilosophy.
650 0 _aPhysical sciences
_xPhilosophy.
655 7 _aElectronic books.
_2local
700 1 _aBerg, J. C. van den,
_d1944-
710 2 _aebrary, Inc.
830 0 _aK & E series on knots and everything ;
_vv. 27.
856 4 0 _uhttp://site.ebrary.com/lib/rucke/Doc?id=10255849
_zAn electronic book accessible through the World Wide Web; click to view
999 _c15060
_d15060